Hindu temple (Record no. 1679721)

MARC details
000 -LEADER
fixed length control field 00741 a2200217 4500
005 - DATE AND TIME OF LATEST TRANSACTION
control field 20260319124724.0
008 - FIXED-LENGTH DATA ELEMENTS--GENERAL INFORMATION
fixed length control field 260319b |||||||| |||| 00| 0 eng d
020 ## - INTERNATIONAL STANDARD BOOK NUMBER
International Standard Book Number 9788120802223 (Set) (hbk)
037 ## - SOURCE OF ACQUISITION
Terms of availability TB
040 ## - CATALOGING SOURCE
Original cataloging agency BL
Transcribing agency BL
041 ## - LANGUAGE CODE
Source of code eng
Language code of text/sound track or separate title eng
084 ## - COLON CLASSIFICATION NUMBER
Classification number NA44,8(Q2:45) Q5.1-.2 (RR)
Assigning agency BL
100 ## - MAIN ENTRY--PERSONAL NAME
Personal name Kramrisch, Stella
9 (RLIN) 1115983
245 ## - TITLE STATEMENT
Title Hindu temple
260 ## - PUBLICATION, DISTRIBUTION, ETC.
Name of publisher, distributor, etc. Motilal Banarasidass Publishers,
Date of publication, distribution, etc. 2015.
Place of publication, distribution, etc. Delhi, India
300 ## - PHYSICAL DESCRIPTION
Extent Vol. 1 (xi, 1-295p.), Vol. 2 (299-466p.)
365 ## - TRADE PRICE
Price amount 4000.00
Currency code INR
650 ## - SUBJECT ADDED ENTRY--TOPICAL TERM
Topical term or geographic name entry element Arts
942 ## - ADDED ENTRY ELEMENTS (KOHA)
Koha item type Textbook
Source of classification or shelving scheme Colon Classification (CC)
Classification part NA44,8(Q2:45) Q5.1-.2 (RR)
Holdings
Withdrawn status Lost status Source of classification or shelving scheme Damaged status Not for loan Home library Current library Date acquired Source of acquisition Cost, normal purchase price Serial Enumeration / chronology Inventory number Total Checkouts Full call number Barcode Date last seen Cost, replacement price Price effective from Koha item type
    Colon Classification (CC)     Braille Library Braille Library 2026-02-19 4/ Classic Book Service 2800.00 Vol.1 281 & 2026-02-17   NA44,8(Q2:45) Q5.1 BL0001281 2026-02-19 4000.00 2026-02-19 Textbook
    Colon Classification (CC)     Braille Library Braille Library 2026-03-19 4/ Classic Book Service 2800.00 Vol. 2 281 & 2026-02-17   NA44,8(Q2:45) Q5.2 BL0001282 2026-03-19 4000.00 2026-03-19 Textbook
Copyright @ Delhi University Library System